Mantenimiento en cautividad de reptiles y anfibios (Registro nro. 5719)
[ vista simple ]
| 000 -Cabecera | |
|---|---|
| Campo de control de longitud fija | 00798ata a2200289 4500 |
| 005 - Fecha y hora de la última transacción | |
| Campo de control | 20240808162626.0 |
| 008 - Elementos de longitud fija--Información general | |
| Campo de control de longitud fija | 150519b2000 sp ||||| |||| 00| 0 spa d |
| 020 ## - International Standard Book Number | |
| Número Internacional Estándar del Libro (ISBN) | 8425513243 |
| 041 ## - Idioma | |
| Código de idioma | Español |
| 082 ## - Clasificación Decimal Dewey | |
| Número de clasificación | 597.9 R941m |
| 100 ## - Entrada principal--Autor personal | |
| Nombre personal | Rundquist, Eric M. |
| 9 (RLIN) | 27113 |
| 245 ## - Título propiamente dicho | |
| Título | Mantenimiento en cautividad de reptiles y anfibios |
| 260 ## - Pie de imprenta | |
| Lugar de publicación, distribución, etc. | España |
| 260 ## - Pie de imprenta | |
| Nombre del editor, distribuidor, etc. | Editorial Hispano Europea S.A. |
| 260 ## - Pie de imprenta | |
| Fecha de publicación, distribución, etc. | 2000 |
| 300 ## - Descripción física | |
| Extensión | 223 páginas |
| 505 ## - Nota de contenido | |
| Nota de contenido | Incluye ilustraciones y fotografías a color |
| 650 ## - Materia general | |
| Temática (materia general) | ANFIBIOS |
| 650 ## - Materia general | |
| Temática (materia general) | REPTILES |
| 650 ## - Materia general | |
| Temática (materia general) | CAUTIVERIO |
| 650 ## - Materia general | |
| Temática (materia general) | PARASITOS |
| 650 ## - Materia general | |
| Temática (materia general) | ENFERMEDADES MICROBIANAS |
| 650 ## - Materia general | |
| Temática (materia general) | REPRODUCCIÓN EN CAUTIVIDAD |
| 650 ## - Materia general | |
| Temática (materia general) | INCUBACIÓN DE LOS HUEVOS |
| 650 ## - Materia general | |
| Temática (materia general) | INCUBACIÓN ESPECIALIZADA |
| 942 ## - Punto de acceso adicional KOHA | |
| Tipo de ítem KOHA | Libro |
| Fuente del sistema de clasificación o colocación | Dewey Decimal Classification |
| Signatura completa | Código de barras | Programa Académico | Tipo de ítem |
|---|---|---|---|
| 597.9 R941m | 14674 | Turismo | Libro |